Catalog

Record Details

Catalog Search



Dying for chocolate : Goldy Bear Culinary Mystery Cover Image CD Audiobook CD Audiobook

Dying for chocolate : Goldy Bear Culinary Mystery/ by Diane Mott Davidson.

Davidson, Diane Mott. (Author). Rosenblat, Barbara. (Added Author).

Summary:

The Caterer-Meet Goldy Bear: a bright, opinionated, wildly inventive caterer whose personal life has become a recipe for disaster. She's got an abusive ex-husband who's into making tasteless threats, a rash of mounting bills that are taking a huge bite out of her budget, and two enticing men knocking on her door. Determined to take control of her life, The Dish- Now determined to take control of her life, Goldy moves her business and her son to ritzy Aspen Meadow Country Club, where she accepts a job as a live-in cook. But just as she's beginning to think she's got it made--catering decadent dinners and posh society picnics and enjoying the favors of Philip Miller, a handsome local shrink, and Tom Shulz, her more-than-friendly neighborhood cop--the dishy doctor inexplicably drives his BMW into an oncoming bus. The Unsavory Killer- Convinced that Philip's bizarre death was no accident, Goldy decides to do a little investigating of her own. But sifting through the unpalatable secrets of the dead doc's life will toss her into a case seasoned with unexpected danger and even more unexpected revelations--the kind that could get a caterer and the son she loves. . .killed.

Record details

  • ISBN: 978-1664498501
  • ISBN: 1664498508
  • ISBN: 9781578155026
  • ISBN: 1578155029
  • Physical Description: 3 audio discs : digital ; 4 3/4 in.
  • Publisher: Englewood Cliffs, NJ : Pub. Mills : ℗1996.

Content descriptions

General Note:
Unabridged
Participant or Performer Note:
Read by Barbara Rosenblat.
Subject: Bear, Goldy (Fictitious character) > Fiction.
Women in the food industry > Colorado > Fiction.
Divorced women > Fiction.
Cooking > Fiction.
Caterers and catering > Colorado > Fiction.
Women detectives > Colorado > Fiction.
Colorado > Fiction.
Genre: Culinary mystery.
Humorous fiction.
Detective and mystery fiction.
Audiobooks.

Available copies

  • 1 of 1 copy available at scottsboropl.

Holds

  • 0 current holds with 1 total copy.
Show Only Available Copies
Location Call Number / Copy Notes Barcode Shelving Location Status Due Date
scottsboropl BK/CD Dav 32269001230724 Adult - Audiobook Available -

LDR 03929cim a2200901Ia 4500
001159714
003SBPL
00520230104093336.0
008010627s1996 njunnnn f n eng d
007sd fungnn|||eu
0200 . ‡a978-1664498501
0200 . ‡a1664498508
020 . ‡a9781578155026
020 . ‡a1578155029
035 . ‡a(OCoLC)47203526
035 . ‡a(OCoLC)47203526 ‡z(OCoLC)45252586 ‡z(OCoLC)1242971492 ‡z(OCoLC)1302465938
050 4. ‡aPS3554.A925 ‡bD95 1992
08204. ‡a813/.54 ‡221
1001 . ‡aDavidson, Diane Mott.
24510. ‡aDying for chocolate : ‡bGoldy Bear Culinary Mystery/ ‡cby Diane Mott Davidson.
2463 . ‡aMedia Books presents Dying for chocolate
260 . ‡aEnglewood Cliffs, NJ : ‡bPub. Mills : ‡bMedia Books LLC, ‡c℗1996.
300 . ‡a3 audio discs : ‡bdigital ; ‡c4 3/4 in.
336 . ‡aspoken word ‡bspw ‡2rdacontent
337 . ‡aaudio ‡bs ‡2rdamedia
338 . ‡aaudio disc ‡bsd ‡2rdacarrier
347 . ‡bCD audio
4900 . ‡aGoldy Bear Culinary Mystery ; ‡vBk 2
5110 . ‡aRead by Barbara Rosenblat.
500 . ‡aUnabridged
520 . ‡aThe Caterer-Meet Goldy Bear: a bright, opinionated, wildly inventive caterer whose personal life has become a recipe for disaster. She's got an abusive ex-husband who's into making tasteless threats, a rash of mounting bills that are taking a huge bite out of her budget, and two enticing men knocking on her door. Determined to take control of her life, The Dish- Now determined to take control of her life, Goldy moves her business and her son to ritzy Aspen Meadow Country Club, where she accepts a job as a live-in cook. But just as she's beginning to think she's got it made--catering decadent dinners and posh society picnics and enjoying the favors of Philip Miller, a handsome local shrink, and Tom Shulz, her more-than-friendly neighborhood cop--the dishy doctor inexplicably drives his BMW into an oncoming bus. The Unsavory Killer- Convinced that Philip's bizarre death was no accident, Goldy decides to do a little investigating of her own. But sifting through the unpalatable secrets of the dead doc's life will toss her into a case seasoned with unexpected danger and even more unexpected revelations--the kind that could get a caterer and the son she loves. . .killed.
650 0. ‡aBear, Goldy (Fictitious character) ‡vFiction.
650 0. ‡aWomen in the food industry ‡zColorado ‡vFiction.
650 0. ‡aDivorced women ‡vFiction.
650 0. ‡aCooking ‡vFiction.
650 0. ‡aCaterers and catering ‡zColorado ‡vFiction.
650 0. ‡aWomen detectives ‡zColorado ‡vFiction.
651 0. ‡aColorado ‡vFiction.
655 0. ‡aCulinary mystery.
655 7. ‡aHumorous fiction. ‡2lcgft
655 7. ‡aDetective and mystery fiction. ‡2lcgft
655 7. ‡aAudiobooks. ‡2lcgft
7001 . ‡aRosenblat, Barbara.
8300 . ‡aDavidson, Diane Mott ‡tGoldy Bear Culinary Mystery : ‡v Bk 2
901 . ‡a159714 ‡bAUTOGEN ‡c159714 ‡tbiblio

Additional Resources